[Event "Mittelrhein Verbandsliga-N 17/18"]
[Site "Nordrheinwestfalen"]
[Date "2017.10.01"]
[Round "2.8"]
[White "Steiz, Johann"]
[Black "Swoboda, Alexander"]
[Result "1-0"]
[WhiteElo "1685"]
[BlackElo "1708"]
[PlyCount "69"]
[EventDate "2017.09.10"]
[EventType "team-swiss"]
[EventRounds "11"]
[EventCountry "GER"]
[SourceTitle "EXT 2022"]
[Source "ChessBase"]
[SourceDate "2021.10.06"]
[SourceVersion "1"]
[SourceVersionDate "2021.10.06"]
[SourceQuality "1"]
[WhiteTeam "Dormagen SV"]
[BlackTeam "Porz SG IV"]
[WhiteTeamCountry "GER"]
[BlackTeamCountry "GER"]

1. e4 c6 2. d4 d5 3. Nc3 dxe4 4. Nxe4 Bf5 5. Ng3 Bg6 6. h4 h6 7. Nf3 e6 8. Ne5 Bh7 9. Bd3 Bxd3 10. Qxd3 Nd7 11. Bf4 Ngf6 12. 0-0-0 Nd5 13. Bd2 Qb6 14. Nxd7 Kxd7 15. a3 Be7 16. c4 Nf6 17. f3 Rhd8 18. Ne4 Ke8 19. Be3 Qc7 20. Qc2 Rac8 21. Kb1 Kf8 22. g4 Ng8 23. g5 h5 24. g6 b5 25. gxf7 Kxf7 26. Rhg1 Kf8 27. Rg6 Bf6 28. Ng3 Rd7 29. Nxh5 Qd8 30. Qe4 Qe8 31. Rdg1 Rcc7 32. Nf4 Re7 33. h5 bxc4 34. h6 Nxh6 35. Rxf6+ 1-0

[Event "Mittelrhein Verbandsliga-M 16/17"]
[Site "Nordrheinwestfalen"]
[Date "2017.03.19"]
[Round "9.3"]
[White "Swoboda, Alexander"]
[Black "Fokken, Achim"]
[Result "0-1"]
[WhiteElo "1729"]
[BlackElo "1956"]
[PlyCount "84"]
[EventDate "2016.09.11"]
[EventType "team-tourn"]
[EventRounds "11"]
[EventCountry "GER"]
[SourceTitle "EXT 2022"]
[Source "ChessBase"]
[SourceDate "2021.10.06"]
[SourceVersion "1"]
[SourceVersionDate "2021.10.06"]
[SourceQuality "1"]
[WhiteTeam "Porz SG V"]
[BlackTeam "Koeln Ford SF"]
[WhiteTeamCountry "GER"]
[BlackTeamCountry "GER"]

1. e4 e5 2. Nf3 Nf6 3. Nxe5 d6 4. Nf3 Nxe4 5. Nc3 Nxc3 6. dxc3 Be7 7. Be3 Bf5 8. Bd3 Qd7 9. Nd4 Bg6 10. Bxg6 hxg6 11. Qf3 c5 12. Nb3 Qc6 13. Nd2 d5 14. c4 d4 15. Bf4 Qxf3 16. Nxf3 Nc6 17. 0-0-0 f6 18. h4 Kf7 19. Ne1 g5 20. Bh2 gxh4 21. Nd3 g5 22. f3 b6 23. Nf2 f5 24. Nd3 Bf6 25. Rde1 Rae8 26. Kd2 g4 27. fxg4 fxg4 28. Bf4 Kg6 29. Ref1 Re4 30. g3 hxg3 31. Rxh8 Bxh8 32. Bxg3 Re3 33. Bd6 Rf3 34. Rg1 Kf5 35. Ke2 Re3+ 36. Kd2 Ne5 37. Rf1+ Nf3+ 38. Kd1 Bf6 39. Bg3 Bg5 40. b3 Ke6 41. Nf2 Nd2 42. Rg1 Nb1 0-1